<?xml version="1.0" encoding="UTF-8"?>
<collection xmlns="http://www.loc.gov/MARC21/slim">
 <record>
  <leader>     na                 </leader>
  <controlfield tag="001">INLIS000000000003041</controlfield>
  <controlfield tag="005">20260415105805</controlfield>
  <controlfield tag="035">$a 0010-0426000132</controlfield>
  <controlfield tag="245">$a Ancas 17 Taun /$c Yusmanto</controlfield>
  <controlfield tag="100">$a Yusmanto</controlfield>
  <controlfield tag="300">$a 43 hlm : $b ilus ; $c 19 x 26.5 cm</controlfield>
  <controlfield tag="260">$a Purwokerto :$b Yayasan Carablaka,$c 2026</controlfield>
  <controlfield tag="082">$a 050</controlfield>
  <controlfield tag="084">$a 050 YUS a</controlfield>
  <controlfield tag="022">$a 2087-023X</controlfield>
  <controlfield tag="863">$a April 2026</controlfield>
  <controlfield tag="990">$a MA07/2026</controlfield>
  <controlfield tag="990">$a MA08/2026</controlfield>
 </record>
</collection>
